Top 50 MLB Players for 2025 - Statistics

General Stats
  • This quiz has been taken 461 times
  • The average score is 41 of 50
Answer Stats
# Team Position Answer % Correct
2 Yankees RF Aaron Judge
99%
1 Dodgers SP / DH Shohei Ohtani
99%
4 Mets RF Juan Soto
97%
3 Royals SS Bobby Witt Jr
96%
9 Dodgers SS Mookie Betts
96%
7 Mets SS Francisco Lindor
95%
5 Orioles SS Gunnar Henderson
94%
16 Phillies 1B Bryce Harper
93%
18 Dodgers 1B Freddie Freeman
93%
6 Guardians 3B Jose Ramirez
93%
13 Blue Jays 1B Vladimir Guerrero Jr
93%
19 Padres RF Fernando Tatis Jr
92%
17 Pirates SP Paul Skenes
92%
21 Braves RF Ronald Acuna Jr
92%
10 Diamondbacks 2B Ketel Marte
90%
23 Red Sox 3B Rafael Devers
90%
12 Astros DH Yordan Alvarez
90%
15 Rangers SS Corey Seager
89%
22 Reds SS Elly De La Cruz
89%
31 Astros 2B Jose Altuve
89%
20 Mariners CF Julio Rodriguez
89%
39 Angels CF Mike Trout
89%
14 Tigers SP Tarik Skubal
89%
11 Phillies SP Zack Wheeler
88%
38 Padres 3B Manny Machado
86%
8 Cubs RF Kyle Tucker
85%
41 Yankees SP Gerrit Cole
82%
25 Red Sox CF Jarren Duran
82%
35 Braves 1B Matt Olson
82%
37 Diamondbacks RF Corbin Carroll
81%
26 Brewers C William Contreras
81%
36 Braves 3B Austin Riley
78%
33 Mariners C Cal Raleigh
78%
48 Orioles C Adley Rutschman
77%
32 Athletics DH Brent Rooker
77%
34 Braves SP Chris Sale
77%
42 Twins SS Carlos Correa
76%
49 Dodgers SP Yoshinobu Yamamoto
76%
27 Giants 3B Matt Chapman
75%
28 Padres CF Jackson Merrill
74%
40 Rangers SP Jacob deGrom
74%
24 Red Sox SP Garrett Crochet
73%
43 Free Agent 3B Alex Bregman
71%
29 Dodgers SP Blake Snell
71%
44 Dodgers SP Tyler Glasnow
68%
46 Giants SS Willy Adames
67%
30 Brewers RF Jackson Chourio
60%
45 Tigers CF Riley Greene
60%
50 Royals SP Cole Ragans
56%
47 Mariners SP George Kirby
55%
No matching quizzes found
Score Distribution
Percent of People with Each Score
Percentile by Number Answered
Your Score History
You have not taken this quiz